000 00708nam a2200229 i 4500
001 179841
003 ES-MaACL
005 20240421063031.0
008 120131s2010 sp |||| |dspa d
020 _a978-84-397-2322-6
080 _a821.134.2-4"19"
100 1 _aAzúa, Félix de,
_d1944-
_924368
245 1 0 _aAutobiografía sin vida /
_cFélix de Azúa.
250 _a1ª ed.
260 _aBarcelona :
_bMondadori,
_c2010.
300 _a168 p. ;
_c24 cm.
490 1 _aLiteratura Mondadori ;
_v430
830 0 _aLiteratura Mondadori ;
_v430
_9178630
852 _aES-MaACL
_jA-11951
_9186742
_bR.146941
_cDEPO1
_dOlim: N-4956
942 _2udc
_cMONOGRAFIA
999 _c179841
_d179841